Introduction to Solid State Physics (Record no. 5125)

MARC details
000 -LEADER
fixed length control field 00475nam a2200169Ia 4500
003 - CONTROL NUMBER IDENTIFIER
control field SGT
020 ## - INTERNATIONAL STANDARD BOOK NUMBER
International Standard Book Number 9788126510450
082 ## - DEWEY DECIMAL CLASSIFICATION NUMBER
Classification number 530.41
Item number KIT
100 ## - MAIN ENTRY--PERSONAL NAME
Personal name Kittel,C
245 ## - TITLE STATEMENT
Title Introduction to Solid State Physics
250 ## - EDITION STATEMENT
Edition statement 11th Ed.
260 ## - PUBLICATION, DISTRIBUTION, ETC. (IMPRINT)
Name of publisher, distributor, etc Wiley India Pvt. Ltd.
Place of publication, distribution, etc N.Delhi
Year of Publication 2009
300 ## - PAGE DESCRIPTION
No. of Pages 673p.
650 ## - SUBJECT ADDED ENTRY--TOPICAL TERM
Topical term or geographic name as entry element PHYSICS
653 ## - KEYWORDS--INDEX TERM
Keyword term CRYSTAL STRUCTURE,RECIPROCAL LATTICE, CRYSTAL BINDING AND ELASTIC CONSTANTS, PHONONS I .CRYSTAL VIBATIONS
942 ## - ADDED ENTRY ELEMENTS (KOHA)
Source of classification or shelving scheme Dewey Decimal Classification
Koha item type Books
Holdings
Withdrawn status Lost status Source of classification or shelving scheme Damaged status Not for loan Home library Current library Date acquired SGTU Total Checkouts Full call number Accession No. (Barcode) Date last seen Bill Date Koha item type Date last borrowed
    Dewey Decimal Classification     SGT Engineering Library SGT Engineering Library 08/02/2011 SGTU   530.41 KIT FE2741 09/02/2015 09/02/2015 Books  
    Dewey Decimal Classification     SGT Engineering Library SGT Engineering Library 08/02/2011 SGTU   530.41 KIT FE2742 09/02/2015 09/02/2015 Books  
    Dewey Decimal Classification     SGT Engineering Library SGT Engineering Library 02/08/2011 SGTU   530.41 KIT FE2743 09/02/2015 09/02/2015 Books  
    Dewey Decimal Classification     SGT Engineering Library SGT Engineering Library 02/08/2011 SGTU 1 530.41 KIT FE2744 30/05/2018 09/02/2015 Books 23/04/2018
    Dewey Decimal Classification     SGT Engineering Library SGT Engineering Library 02/08/2011 SGTU   530.41 KIT FE2745 09/02/2015 09/02/2015 Books